000 00701nam a22002057a 4500
999 _c59823
_d59823
005 20230425112346.0
008 230425s2021 ge ||||| |||| 00| 0 geo d
020 _a9781683732792
041 _aeng
080 _a159.922 R-56
100 _aRiggenbach, Jeff
_917770
245 _aThe CBT Toolbox :
_ba workbook for clients clinicians and Coaches. 185 Tools to Manage Anxiety, Depression, Anger, Behaviors and Stress /
_cJeff Riggenbach.
264 _aEau Claire :
_bPesi Publishing,
_c2021.
300 _a357 p. ;
_b28 cm.
440 _acognitive Behavioral Therapy
_917771
653 _aდეპრესია
653 _aშფოთვა
653 _aსტრესი
942 _2udc
_cBK